000 00376pab a2200157 454500
008 180718b2002 xxu||||| |||| 00| 0 eng d
100 _aJain, S.P.
245 _aPanchayati raj in Andhra Pradesh
260 _c2002
300 _ap.34-40.
362 _aDec
650 _aPanchayat - India - Andhra Pradesh
650 _aPanchayat
773 _aKurukshetra
909 _a54666
999 _c54666
_d54666